مكتبة جامعة عجلون الوطنية

فهرس بحث المكتبة

تفسير الجلالين بهامش المصحف الشريف بالرسم العثماني (Record no. 31663)

MARC details
000 -LEADER
fixed length control field 00846nam a2200205Ii 4500
003 - CONTROL NUMBER IDENTIFIER
control field JO-AjNU
008 - FIXED-LENGTH DATA ELEMENTS--GENERAL INFORMATION
fixed length control field 230605s9999||||xx |||||||||||||| ||und||
040 ## - CATALOGING SOURCE
Original cataloging agency JO-AjNU
Language of cataloging ara
Description conventions rda
Transcribing agency JO-AjNU
041 ## - LANGUAGE CODE
Language code of text/sound track or separate title ara
050 14 - LIBRARY OF CONGRESS CALL NUMBER
Classification number BP130.4.J2
100 3# - MAIN ENTRY--PERSONAL NAME
Personal name المحلي، جلال الدين محمد بن احمد، م مشارك جلال الدين عبد الرحمن بن ابي بكر السيوطي؛ تقديم ومراجعه مروان سوار ,
Relator term author
9 (RLIN) 62084
245 00 - TITLE STATEMENT
Title تفسير الجلالين بهامش المصحف الشريف بالرسم العثماني
250 ## - EDITION STATEMENT
Edition statement ط1
264 31 - PRODUCTION, PUBLICATION, DISTRIBUTION, MANUFACTURE, AND COPYRIGHT NOTICE
Place of production, publication, distribution, manufacture بيروت: دار المعرفة، د.ت
300 ## - PHYSICAL DESCRIPTION
Extent 832ص
336 ## - CONTENT TYPE
Content type term text
Content type code txt
Source rdacontent
337 ## - MEDIA TYPE
Media type term unmediated
Media type code n
Source rdamedia
338 ## - CARRIER TYPE
Carrier type term volume
Carrier type code nc
Source rdacarrier
650 #4 - SUBJECT ADDED ENTRY--TOPICAL TERM
Topical term or geographic name entry element القران الكريم-تفاسير
9 (RLIN) 62085
Holdings
Withdrawn status Lost status Source of classification or shelving scheme Damaged status Not for loan Home library Current library Shelving location Date acquired Total Checkouts Full call number Barcode Date last seen Price effective from Koha item type
    Library of Congress Classification     مكتبة جامعة عجلون الوطنية مكتبة جامعة عجلون الوطنية المراجع 06/06/2023   BP130.4.J2 A28095 06/06/2023 06/06/2023 Reference